Представление документа в формате RUSMARC

ПолеНазваниеЗначение
  Тип записи a
  Библиографический уровень c
001 Контрольный номер RU/SLIB/B/208704889
005 Дата корректировки 20250220111619.5
010 Индекс ISBN __
d Цена 60-00
100 Данные общей обработки __
a Данные общей обработки 20211020d1990 ma y0rusy028902 ca
101 Язык документа 0_
a Язык текста rus
102 Страна публикации __
a Страна публикации RU
105 Кодированные данные (монография) __
a Кодированные данные (монография) y z 000dy
181 Поле кодированных данных: вид содержания _0
a Код вида содержания (ISBD) i
182 Поле кодированных данных: тип средства _0
a Код типа средства (ISBD) n
200 Заглавие и сведения об ответственности 0_
a Заглавие Рассказы
f Первые сведения об ответственности А.Т. Аверченко. Рассказы / Н. А. Тэффи ; сост., вступ. ст. П. Горелова, Е. Трубиловой
b Общее обозначение материала Текст
210 Выходные данные 1_
a Место издания М.
c Издательство Молодая гвардия
d Дата издания 1990
215 Физическое описание __
a Объем 480 с
225 Серия 2_
a Серия Библиотека "Возвращение"
v Обозначение тома т. 7
517 Другие варианты заглавия 1_
a Другие варианты заглавия Рассказы / Н. А. Тэффи
606 Тематические рубрики __
a Основная рубрика Художественная литература
606 Тематические рубрики __
a Основная рубрика Русская литература XX в. (произведения)
610 Ключевые слова 0_
a Ключевые слова рассказы; юмористическая литература; юмористические рассказы; юмористические произведения; сатирическая литература; сатирические произведения; сатирические рассказы; тема юмора; тема сатиры
686 Индексы других классификаций __
2 Код системы rubbks
a Классификационный индекс 84(2=411.2)53-4; ст84(2Рос=Рус)1-4
700 Автор _1
a Фамилия Аверченко
b Имя А. Т.
4 Код отношения 070
701 Альтернативная интеллектуальная ответственность _1
a Фамилия Тэффи
b Имя Н. А.
4 Код отношения 070
702 Вторичная интеллектуальная ответственность _1
a Фамилия Горелов
b Имя П.
4 Код отношения Автор предисловия и т.д.
702 Вторичная интеллектуальная ответственность _1
a Фамилия Трубилов
b Имя Е.
4 Код отношения Автор предисловия и т.д.
801 Источник записи _0
a Страна RU
b Организация Муниципальное бюджетное учреждение культуры "Централизованная библиотечная система" г. Сургут (Центральная городская библиотека им. А. С. Пушкина)
801 Источник записи _1
a Страна RU
b Организация Муниципальное бюджетное учреждение культуры "Централизованная библиотечная система" г. Сургут (Центральная городская библиотека им. А. С. Пушкина)
852 Данные о местонахождении __
j Шифр хранения 84(2=411.2)53-4
i Авторский знак А 19
p Инвентарный номер 46469
901 Тип документа __
t Тип документа x
969 Тип издания __
a Тип издания сборник
990 Данные о заказе (DOS) 00
j Количество экземпляров (DOS) 2